| 000 | 00773cam a2200289 4500500 | ||
|---|---|---|---|
| 005 | 20260329005354.0 | ||
| 041 | _afre | ||
| 042 | _adc | ||
| 100 | 1 | 0 |
_aDegiovanni, Clara _eauthor |
| 245 | 0 | 0 | _aQuels morts pleurons-nous ? |
| 260 | _c2023. | ||
| 500 | _a59 | ||
| 690 | _aChagrin | ||
| 690 | _aEmpathie | ||
| 690 | _aidentification | ||
| 690 | _aJudith Butler | ||
| 690 | _aLarmes | ||
| 690 | _aMort | ||
| 690 | _aPaul Bloom | ||
| 690 | _aPeine | ||
| 690 | _aUkraine | ||
| 690 | _auniversalité | ||
| 690 | _aVictime | ||
| 690 | _aVinciane Despret | ||
| 786 | 0 | _nPhilosophie magazine | 170 | 6 | 2023-06-01 | p. 15-17 | 1951-1787 | |
| 856 | 4 | 1 | _uhttps://shs.cairn.info/magazine-philosophie-magazine-2023-6-page-15?lang=fr&redirect-ssocas=7080 |
| 999 |
_c1842773 _d1842773 |
||